| 000 | 00309nam a22001097a 4500 | ||
|---|---|---|---|
| 082 | _a378POL. | ||
| 100 |
_aT.L.Maliyamkono _94852 |
||
| 245 | _aPolicy Developments in Overseas Training. | ||
| 260 |
_aNairobi. _bEastern African Universities Research Project. _c1980. |
||
| 300 |
_aviii, 342p. _b22cm. |
||
| 942 | _cBK | ||
| 999 |
_c14689 _d14689 |
||